[Event "Hunan Belt and Road Open 2019"]
[Site "Hunan"]
[Date "2019.07.29"]
[Round "1.33"]
[White "Zhao, Zong-Yuan"]
[Black "Gusain, Himal"]
[Result "1/2-1/2"]
[WhiteElo "2529"]
[BlackElo "2407"]
[Annotator "ChessBase"]
[PlyCount "91"]
[EventDate "2019.07.29"]
[EventType "swiss"]
[EventCountry "CHN"]
[SourceTitle "playchess.com"]
[Source "ChessBase"]
[SourceQuality "1"]
[TimeControl "5400+30"]

1. e4 {[%emt 0:00:00]} d6 {[%emt 0:00:30]} 2. d4 {[%emt 0:00:17]} Nf6 {[%emt 0:00:27]} 3. Nc3 {[%emt 0:00:23]} e5 {[%emt 0:00:17]} 4. Nge2 {[%emt 0:02:30]} c6 {[%emt 0:03:23]} 5. a4 {[%emt 0:02:11]} Nbd7 {[%emt 0:05:07]} 6. g3 {[%emt 0:00:31]} g6 {[%emt 0:00:23]} 7. Bg2 {[%emt 0:00:10]} Bg7 {[%emt 0:00:17]} 8. O-O {[%emt 0:00:04]} O-O {[%emt 0:00:36]} 9. h3 {[%emt 0:01:12]} Re8 {[%emt 0:01:28]} 10. Be3 {[%emt 0:05:03]} Nb6 {[%emt 0:06:40]} 11. b3 {[%emt 0:07:48]} exd4 {[%emt 0:00:09]} 12. Bxd4 {[%emt 0:00:06]} a5 {[%emt 0:02:51]} 13. g4 {[%emt 0:07:18]} d5 {[%emt 0:06:36]} 14. e5 {[%emt 0:06:43]} Nfd7 {[%emt 0:00:08]} 15. f4 {[%emt 0:00:24]} f6 {[%emt 0:00:20]} 16. exf6 {[%emt 0:00:59]} Nxf6 {[%emt 0:00:19]} 17. Ng3 {[%emt 0:00:54]} Rf8 {[%emt 0:06:12]} 18. f5 {[%emt 0:17:52]} g5 {[%emt 0:00:10]} 19. Qd2 {[%emt 0:02:48]} h6 {[%emt 0:01:16]} 20. Qf2 {[%emt 0:03:54]} Nbd7 {[%emt 0:00:25]} 21. Rfe1 {[%emt 0:00:29]} b6 {[%emt 0:09:09]} 22. Re6 {[%emt 0:01:30]} Bb7 {[%emt 0:00:44]} 23. Rae1 {[%emt 0:03:11]} Rf7 {[%emt 0:04:29]} 24. Nd1 {[%emt 0:10:16]} c5 {[%emt 0:00:57]} 25. Bb2 {[%emt 0:01:19]} Nf8 {[%emt 0:00:18]} 26. R6e2 {[%emt 0:00:51]} d4 {[%emt 0:02:26]} 27. c4 {[%emt 0:03:13]} Ra7 {[%emt 0:05:15]} 28. Bxb7 {[%emt 0:05:40]} Rfxb7 {[%emt 0:02:50]} 29. Bc1 {[%emt 0:01:09]} Re7 {[%emt 0:00:33]} 30. Nb2 {[%emt 0:00:22]} Rxe2 {[%emt 0:00:57]} 31. Qxe2 {[%emt 0:00:11]} Kf7 {[%emt 0:00:28]} 32. Nd3 {[%emt 0:00:29]} Re7 {[%emt 0:00:12]} 33. Qxe7+ {[%emt 0:01:24]} Qxe7 {[%emt 0:00:10]} 34. Rxe7+ {[%emt 0:00:03]} Kxe7 {[%emt 0:00:09]} 35. Kg2 {[%emt 0:00:53]} N8d7 {[%emt 0:01:07]} 36. Bd2 {[%emt 0:00:59]} Kd6 {[%emt 0:01:23]} 37. Be1 {[%emt 0:00:36]} Ne5 {[%emt 0:00:37]} 38. Nxe5 {[%emt 0:02:45]} Kxe5 {[%emt 0:00:07]} 39. Kf3 {[%emt 0:00:02]} Kd6 {[%emt 0:02:20]} 40. Nf1 {[%emt 0:04:12]} Nd7 {[%emt 0:00:15]} 41. Nd2 {[%emt 0:00:56]} Be5 {[%emt 0:00:37]} 42. Ne4+ {[%emt 0:02:41]} Ke7 {[%emt 0:00:06]} 43. Nf2 {[%emt 0:01:55]} Bf4 {[%emt 0:04:22]} 44. Nd3 {[%emt 0:01:27]} Ne5+ {[%emt 0:00:26]} 45. Nxe5 {[%emt 0:00:04]} Bxe5 {[%emt 0:00:06]} 46. Ke4 {[%emt 0:03:23]} 1/2-1/2

[Event "Hunan Belt and Road Open 2019"]
[Site "Hunan"]
[Date "2019.07.29"]
[Round "1.34"]
[White "Chu, Wei Chao"]
[Black "Yeoh, Li Tian"]
[Result "1-0"]
[WhiteElo "2406"]
[BlackElo "2528"]
[Annotator "ChessBase"]
[PlyCount "93"]
[EventDate "2019.07.29"]
[EventType "swiss"]
[EventCountry "CHN"]
[SourceTitle "playchess.com"]
[Source "ChessBase"]
[SourceQuality "1"]
[TimeControl "5400+30"]

1. d4 {[%emt 0:00:00]} Nf6 {[%emt 0:00:00]} 2. c4 {[%emt 0:00:00]} c5 {[%emt 0:00:00]} 3. d5 {[%emt 0:00:00]} e6 {[%emt 0:00:00]} 4. Nc3 {[%emt 0:00:00]} exd5 {[%emt 0:00:05]} 5. cxd5 {[%emt 0:00:00]} d6 {[%emt 0:00:07]} 6. Nf3 {[%emt 0:00:05]} g6 {[%emt 0:00:07]} 7. Bf4 {[%emt 0:00:43]} a6 {[%emt 0:00:14]} 8. a4 {[%emt 0:00:07]} Bg7 {[%emt 0:00:09]} 9. e3 {[%emt 0:00:05]} O-O {[%emt 0:00:16]} 10. h3 {[%emt 0:00:22]} Ne8 {[%emt 0:00:25]} 11. Be2 {[%emt 0:01:35]} Nd7 {[%emt 0:00:11]} 12. O-O {[%emt 0:00:09]} Qe7 {[%emt 0:00:04]} 13. Nd2 {[%emt 0:01:31]} Ne5 {[%emt 0:00:13]} 14. Bh2 {[%emt 0:05:43]} f5 {[%emt 0:00:24]} 15. Re1 {[%emt 0:02:27]} Nf6 {[%emt 0:00:59]} 16. f4 {[%emt 0:06:09]} Nf7 {[%emt 0:01:26]} 17. Bf3 {[%emt 0:00:11]} Rb8 {[%emt 0:07:25]} 18. Kh1 {[%emt 0:01:59]} b5 {[%emt 0:16:55]} 19. axb5 {[%emt 0:00:27]} axb5 {[%emt 0:02:12]} 20. e4 {[%emt 0:00:07]} fxe4 {[%emt 0:00:47]} 21. Ndxe4 {[%emt 0:00:41]} Nxe4 {[%emt 0:01:07]} 22. Nxe4 {[%emt 0:01:16]} Qd8 {[%emt 0:01:25]} 23. Qd2 {[%emt 0:03:19]} Bf5 {[%emt 0:02:55]} 24. g4 {[%emt 0:08:06]} Bxe4 {[%emt 0:00:21]} 25. Bxe4 {[%emt 0:00:02]} Qf6 {[%emt 0:00:20]} 26. Re2 {[%emt 0:00:58]} Ra8 {[%emt 0:05:33]} 27. Rxa8 {[%emt 0:04:51]} Rxa8 {[%emt 0:00:46]} 28. b3 {[%emt 0:00:09]} c4 {[%emt 0:14:05]} 29. bxc4 {[%emt 0:01:43]} bxc4 {[%emt 0:00:09]} 30. Kg2 {[%emt 0:00:36]} Qa1 {[%emt 0:05:44]} 31. Bg1 {[%emt 0:07:57]} Bc3 {[%emt 0:20:53]} 32. Qe3 {[%emt 0:04:28]} Bg7 {[%emt 0:17:38]} 33. Bf2 {[%emt 0:02:42]} Ra3 {[%emt 0:00:53]} 34. Qb6 {[%emt 0:03:09]} Rb3 {[%emt 0:01:06]} 35. Qc6 {[%emt 0:00:19]} Qc3 {[%emt 0:00:25]} 36. Qc8+ {[%emt 0:03:36]} Bf8 {[%emt 0:00:06]} 37. g5 {[%emt 0:00:05]} Qc1 {[%emt 0:07:47]} 38. Qg4 {[%emt 0:07:12]} Rb2 {[%emt 0:03:28]} 39. Rxb2 {[%emt 0:02:45]} Qxb2 {[%emt 0:00:00]} 40. h4 {[%emt 0:00:35]} c3 {[%emt 0:00:00]} 41. Qd1 {[%emt 0:00:10]} Bg7 {[%emt 0:00:00]} 42. h5 {[%emt 0:01:15]} gxh5 {[%emt 0:00:00]} 43. Qxh5 {[%emt 0:00:05]} Bd4 {[%emt 0:00:00]} 44. Qxh7+ {[%emt 0:00:12]} Kf8 {[%emt 0:00:00]} 45. Bc2 {[%emt 0:00:04]} Bg7 {[%emt 0:00:00]} 46. Qf5 {[%emt 0:00:33]} Ke8 {[%emt 0:00:00]} 47. Ba4+ {[%emt 0:00:43]} 1-0

[Event "Hunan Belt and Road Open 2019"]
[Site "Hunan"]
[Date "2019.07.29"]
[Round "1.35"]
[White "Li, Di"]
[Black "Lin, Yi"]
[Result "1-0"]
[WhiteElo "2523"]
[BlackElo "2406"]
[Annotator "ChessBase"]
[PlyCount "73"]
[EventDate "2019.07.29"]
[EventType "swiss"]
[EventCountry "CHN"]
[SourceTitle "playchess.com"]
[Source "ChessBase"]
[SourceQuality "1"]
[TimeControl "5400+30"]

1. Nf3 {[%emt 0:00:00]} Nf6 {[%emt 0:00:00]} 2. c4 {[%emt 0:00:00]} g6 {[%emt 0:00:01]} 3. Nc3 {[%emt 0:00:02]} d5 {[%emt 0:00:06]} 4. cxd5 {[%emt 0:00:07]} Nxd5 {[%emt 0:00:07]} 5. h4 {[%emt 0:00:24]} Bg7 {[%emt 0:02:52]} 6. e4 {[%emt 0:00:39]} Nxc3 {[%emt 0:00:07]} 7. dxc3 {[%emt 0:00:35]} Qxd1+ {[%emt 0:00:08]} 8. Kxd1 {[%emt 0:00:04]} Nd7 {[%emt 0:00:14]} 9. Nd4 {[%emt 0:01:29]} c5 {[%emt 0:02:34]} 10. Nb5 {[%emt 0:03:09]} Be5 {[%emt 0:01:57]} 11. Na3 {[%emt 0:15:13]} a6 {[%emt 0:09:03]} 12. Nc4 {[%emt 0:02:07]} b5 {[%emt 0:00:40]} 13. Nxe5 {[%emt 0:01:41]} Nxe5 {[%emt 0:00:06]} 14. Be3 {[%emt 0:05:18]} Nc4 {[%emt 0:17:07]} 15. Bxc4 {[%emt 0:01:29]} bxc4 {[%emt 0:02:33]} 16. Kc2 {[%emt 0:13:35]} h5 {[%emt 0:00:56]} 17. Rhd1 {[%emt 0:06:46]} Be6 {[%emt 0:02:30]} 18. Bxc5 {[%emt 0:04:06]} f6 {[%emt 0:02:03]} 19. b4 {[%emt 0:02:24]} Kf7 {[%emt 0:16:59]} 20. a4 {[%emt 0:08:02]} Rhc8 {[%emt 0:00:09]} 21. Be3 {[%emt 0:04:44]} Rab8 {[%emt 0:05:00]} 22. Kb2 {[%emt 0:01:38]} Ke8 {[%emt 0:08:06]} 23. Ka3 {[%emt 0:00:44]} Rd8 {[%emt 0:04:04]} 24. Rd4 {[%emt 0:03:50]} f5 {[%emt 0:00:22]} 25. exf5 {[%emt 0:03:43]} Rxd4 {[%emt 0:03:11]} 26. Bxd4 {[%emt 0:00:14]} gxf5 {[%emt 0:00:15]} 27. Re1 {[%emt 0:04:51]} Bd5 {[%emt 0:00:05]} 28. Re5 {[%emt 0:01:02]} e6 {[%emt 0:02:07]} 29. Re3 {[%emt 0:00:45]} Kf7 {[%emt 0:10:26]} 30. Rg3 {[%emt 0:00:32]} Rg8 {[%emt 0:00:07]} 31. Rxg8 {[%emt 0:00:17]} Kxg8 {[%emt 0:00:04]} 32. b5 {[%emt 0:00:39]} axb5 {[%emt 0:06:25]} 33. axb5 {[%emt 0:00:03]} Bxg2 {[%emt 0:04:43]} 34. Kb4 {[%emt 0:00:08]} Kf7 {[%emt 0:00:33]} 35. Kxc4 {[%emt 0:00:43]} f4 {[%emt 0:00:45]} 36. Kc5 {[%emt 0:01:34]} Ke7 {[%emt 0:00:15]} 37. Be5 {[%emt 0:00:32]} 1-0

[Event "Hunan Belt and Road Open 2019"]
[Site "Hunan"]
[Date "2019.07.29"]
[Round "1.36"]
[White "Xu, Minghui"]
[Black "Liu, Yan"]
[Result "1/2-1/2"]
[WhiteElo "2401"]
[BlackElo "2516"]
[Annotator "ChessBase"]
[PlyCount "44"]
[EventDate "2019.07.29"]
[EventType "swiss"]
[EventCountry "CHN"]
[SourceTitle "playchess.com"]
[Source "ChessBase"]
[SourceQuality "1"]
[TimeControl "5400+30"]

1. d4 {[%emt 0:00:00]} Nf6 {[%emt 0:00:10]} 2. c4 {[%emt 0:00:00]} e6 {[%emt 0:00:50]} 3. Nf3 {[%emt 0:00:22]} b6 {[%emt 0:01:56]} 4. a3 {[%emt 0:00:26]} Bb7 {[%emt 0:02:51]} 5. Nc3 {[%emt 0:00:08]} Ne4 {[%emt 0:02:06]} 6. Nxe4 {[%emt 0:00:38]} Bxe4 {[%emt 0:00:07]} 7. e3 {[%emt 0:00:38]} Qf6 {[%emt 0:00:45]} 8. Bd3 {[%emt 0:06:55]} Bxd3 {[%emt 0:02:57]} 9. Qxd3 {[%emt 0:00:03]} Qg6 {[%emt 0:00:05]} 10. Qxg6 {[%emt 0:08:25]} hxg6 {[%emt 0:00:06]} 11. b4 {[%emt 0:02:00]} d5 {[%emt 0:08:30]} 12. cxd5 {[%emt 0:03:38]} exd5 {[%emt 0:00:08]} 13. Bd2 {[%emt 0:00:22]} Bd6 {[%emt 0:02:19]} 14. a4 {[%emt 0:01:53]} f6 {[%emt 0:10:42]} 15. Ke2 {[%emt 0:02:15]} Nc6 {[%emt 0:05:14]} 16. Rhb1 {[%emt 0:15:40]} Kd7 {[%emt 0:06:53]} 17. h3 {[%emt 0:00:33]} Ne7 {[%emt 0:07:23]} 18. b5 {[%emt 0:03:30]} a6 {[%emt 0:11:17]} 19. a5 {[%emt 0:04:55]} axb5 {[%emt 0:00:17]} 20. Rxb5 {[%emt 0:00:23]} bxa5 {[%emt 0:02:12]} 21. Rbxa5 {[%emt 0:00:54]} Rxa5 {[%emt 0:00:07]} 22. Rxa5 {[%emt 0:00:06]} Rb8 {[%emt 0:00:12]} 1/2-1/2